Ο γλυπτός διάκοσμος νυμφαίων και κρηνών στο ανατολικό τμήμα της Ρωμαϊκής Αυτοκρατορίας
Αποθηκεύτηκε σε:
| Κύριος συγγραφέας: | |
|---|---|
| Μορφή: | Βιβλίο |
| Γλώσσα: | Greek |
| Δημοσίευση: |
Θεσσαλονίκη :
2012,
Σφακιανάκη Κορνηλία
|
| Θέματα: | |
| Ετικέτες: |
Προσθήκη ετικέτας
Δεν υπάρχουν, Καταχωρήστε ετικέτα πρώτοι!
|
MARC
| LEADER | 00000cam a2200000 i 4500 | ||
|---|---|---|---|
| 001 | 1/22201 | ||
| 008 | 120801s2012 gre d | ||
| 020 | |a 978-960-6681-46-2 | ||
| 035 | |l 10113013 | ||
| 040 | |a GR-MY-UA |b gre |e aacr | ||
| 041 | 0 | |a gre | |
| 082 | 0 | |a 733 |2 (22) | |
| 100 | 1 | |a Αριστοδήμου, Γεωργία Α. | |
| 245 | 1 | 2 | |a Ο γλυπτός διάκοσμος νυμφαίων και κρηνών στο ανατολικό τμήμα της Ρωμαϊκής Αυτοκρατορίας / |c Γεωργία Α. Αριστοδήμου |
| 260 | |a Θεσσαλονίκη : |b 2012, |c Σφακιανάκη Κορνηλία | ||
| 300 | |a 486 σ.; |b εικ.; |c 28 εκ. | ||
| 504 | |a Περιλαμβάνει βιβλιογραφικές παραπομπές και ευρετήριο | ||
| 650 | 0 | 0 | |a Art, Roman. |
| 650 | 0 | 0 | |a Art, Roman |x Themes, motives. |
| 650 | 0 | 0 | |a Architecture, Roman. |
| 650 | 0 | 0 | |a Hydraulic structures |x Design and construction. |
| 852 | |a INST |b RHODES |e 20120801 |h 733 ΑΡΙ |p 005400034457 |q 005400034457 |t BK |y 0 | ||
| 901 | |a BIBL4-2012-2 | ||
| 909 | |a Ρ |b 171091 | ||
| 970 | |z 2012/08/01 | ||